|
|
|
|
| LEADER |
00000nta a2200000 i 4500 |
| 001 |
dolg1686 |
| 005 |
20150824140003.0 |
| 008 |
150305suuuu hu om 000 eng d |
| 040 |
|
|
|a BGE Dolgozattár Repozitórium
|b hun
|
| 041 |
|
|
|a en
|
| 100 |
1 |
|
|a Szöllősi Eszter
|
| 245 |
1 |
0 |
|a Finding a global marketing communication strategy to the Offshore department of Bosch Rexroth
|c Szöllősi Eszter
|h [elektronikus dokumentum]
|
| 246 |
1 |
1 |
|a Finding a global marketing communication strategy to the Offshore department of Bosch Rexroth
|
| 695 |
|
|
|a Marketing kommunikáció
|
| 695 |
|
|
|a Marketingstratégia
|
| 700 |
1 |
|
|a Fodor Dr. Mónika
|e ths
|
| 856 |
4 |
0 |
|u http://dolgozattar.uni-bge.hu/1686/1/Eszter%20Szollosi%20-%20THESIS.pdf
|z Dokumentum-elérés
|